| 000 | 00443cam a2200157ua 4500 | ||
|---|---|---|---|
| 041 |
_aeng _h |
||
| 082 |
_a629.2221 _bAGI/OF |
||
| 100 | _aAgeikin, Ia S . | ||
| 245 |
_aOdd-the-road wheeled and combined traction devices: Theory and calculations / _cIa S Ageikin. _hTextual Documents |
||
| 250 |
_a1 / _b. |
||
| 260 |
_aNew Delhi : _bOxonian Press Pvt Ltd , _c1987. |
||
| 300 | _a202 ; . | ||
| 504 | _a | ||
| 942 | _cBK | ||
| 999 |
_c5602 _d5602 |
||